Library Logo

Pioneer International University Library Catalogue

Teaching basic skills in college : (Record no. 3354)

MARC details
000 -LEADER
fixed length control field 00605pam a2200169 i 4500
005 - DATE AND TIME OF LATEST TRANSACTION
control field 20250901165411.0
008 - FIXED-LENGTH DATA ELEMENTS--GENERAL INFORMATION
fixed length control field 800220s1980 cau b 001 0 eng
010 ## - LIBRARY OF CONGRESS CONTROL NUMBER
LC control number 79092469
020 ## - INTERNATIONAL STANDARD BOOK NUMBER
International Standard Book Number 0875894569
050 00 - LIBRARY OF CONGRESS CALL NUMBER
Classification number LC1035.6 .T75 1980
Item number .T4
082 00 - DEWEY DECIMAL CLASSIFICATION NUMBER
Classification number 378/.199/0973
245 00 - TITLE STATEMENT
Title Teaching basic skills in college :
Remainder of title [a guide to objectives, skills assessment, course content, teaching methods, support services, and administration] /
Statement of responsibility, etc. Alice Stewart Trillin and associates.
250 ## - EDITION STATEMENT
Edition statement 1st ed.
260 ## - PUBLICATION, DISTRIBUTION, ETC.
Place of publication, distribution, etc. San Francisco :
Name of publisher, distributor, etc. Jossey-Bass,
Date of publication, distribution, etc. c1980.
300 ## - PHYSICAL DESCRIPTION
Extent xix, 327 p. ;
Dimensions 24 cm.
942 ## - ADDED ENTRY ELEMENTS (KOHA)
Source of classification or shelving scheme Dewey Decimal Classification
Holdings
Withdrawn status Lost status Source of classification or shelving scheme Damaged status Not for loan Home library Current library Shelving location Date acquired Total checkouts Full call number Barcode Date last seen Price effective from Koha item type
    Library of Congress Classification     Main Library Main Library   03/23/2021   LC1035.6 .T75 1980 PIU0005740 03/23/2021 03/23/2021 Books